• 首页
  • 本馆介绍
  • 公告通知
  • 最新文献
  • 馆藏检索
  • 电子资源
  • 读者导购
  • 参考咨询
  • 我的图书馆
  • 登录
  • 详细信息显示
  • 放入我的书架
  • 预约/预借图书
  • 作者相关作品
  • 分类相关作品
  • 丛书相关作品
  • 出版社相关作品

书目信息

  • 表格格式
  • 工作单格式
  • 卡片格式
题名:
智能电梯工程控制系统技术与应用
    
 
作者: 刘富海 著
分册:  
出版信息: 成都   电子科技大学出版社  2021.1
页数: 287页
开本: 26cm
丛书名:
单 册:
中图分类: TU857
科图分类:
主题词: 智能控制--电梯--工程控制论
电子资源:
ISBN: 978-7-5647-4513-4
000 01133nam0 2200229 45
001 012001000009
005 20140910110759.0
010    @a978-7-5647-4513-4@dCNY64.00
100    @a20180322d2017 em y0chiy50 ea
101 0  @achi
102    @aCN@b510000
105    @aa z 000yy
106    @ar
200 1  @a智能电梯工程控制系统技术与应用@Azhi neng dian ti gong cheng kong zhi xi tong ji shu yu ying yong@b专著@f刘富海著
210    @a成都@c电子科技大学出版社@d2021.1
215    @a287页@c图@d26cm
330    @a本书内容共分为8章:第1章介绍智能电梯工程控制的交通配置、智能控制和电梯工程系统技术的基础知识;第2章介绍智能电梯群控及远程监控技术;第3章介绍智能电梯客流仿真;第4章以计算机控制的智能电梯群控技术为主,详细阐述虚拟电梯模型和梯群的计算机控制的工作原理;第5章介绍先进的速度最快的智能电梯交通系统、直线电机垂直运输系统等智能电梯工程系统;第6章主要介绍智能电梯群控产品技术;第7章介绍了智能电梯监控方面的内容;第8章介绍与展望了未来智能电梯控制技术发展趋势。
606 0  @a智能控制@x电梯@x工程控制论
690    @aTU857@v5
701  0 @a刘富海@Aliu fu hai@4著
801  0 @aCN@bBJSDL@c20211011
905    @b1330023-6@dTU857@e1807@f4
    
    智能电梯工程控制系统技术与应用/刘富海著.-成都:电子科技大学出版社,2021.1
    287页:图;26cm
    
    
    ISBN 978-7-5647-4513-4:CNY64.00
    本书内容共分为8章:第1章介绍智能电梯工程控制的交通配置、智能控制和电梯工程系统技术的基础知识;第2章介绍智能电梯群控及远程监控技术;第3章介绍智能电梯客流仿真;第4章以计算机控制的智能电梯群控技术为主,详细阐述虚拟电梯模型和梯群的计算机控制的工作原理;第5章介绍先进的速度最快的智能电梯交通系统、直线电机垂直运输系统等智能电梯工程系统;第6章主要介绍智能电梯群控产品技术;第7章介绍了智能电梯监控方面的内容;第8章介绍与展望了未来智能电梯控制技术发展趋势。
●
相关链接 在E读中查询图书 在五车中查询图书 在当当中查询图书 在豆瓣中查询图书


正题名:智能电梯工程控制系统技术与应用     索取号:TU857/1807         预约/预借

序号 登录号 条形码 馆藏地/架位号 状态 备注
1 1330023   213300239   第二样本阅览室/ [索取号:TU857/1807] 在馆    
2 1330024   213300248   第三借阅区/ [索取号:TU857/1807] 在馆    
3 1330025   213300257   第三借阅区/ [索取号:TU857/1807] 在馆    
4 1330026   213300266   第三借阅区/ [索取号:TU857/1807] 在馆    
唐山师范学院图书馆 欢迎您!
大连网信软件有限公司© 版权所有